| 000 | 00517nam a22001817a 4500 | ||
|---|---|---|---|
| 999 |
_c186043 _d186043 |
||
| 005 | 20220214111818.0 | ||
| 010 | _aENG-131562 | ||
| 020 |
_a9788183795869 _c200.00 |
||
| 035 | _aEN-115094 | ||
| 037 | _bDBAD | ||
| 082 | _a880 | ||
| 100 | _aRao, N. Meera Raghavendra | ||
| 245 |
_aSlice Of Life/ _cN. Meera Raghavendra Rao |
||
| 260 |
_aChennai _bPalaniappa Brothers _c2012 |
||
| 270 |
_a25, Peters Road, Royapettah _bChennai _e600014 |
||
| 300 |
_a226p. _c24cm(pbk) |
||
| 942 |
_2ddc _cEN _h880 _mRAO |
||